Divine Subjection : The Rhetoric of sacramental Devotion in Early Modern England /
"Combines theoretically engaged analyses with historically contextualized close readings to open new ways of understanding the relations between devotional literature and early modern English culture"--Provided by publisher.
| Clasificación: | Libro Electrónico |
|---|---|
| Autor principal: | |
| Formato: | Electrónico eBook |
| Idioma: | Inglés |
| Publicado: |
Pittsburgh, Pa. :
Duquesne University Press,
2005.
|
| Colección: | Medieval and Renaissance literary studies.
Book collections on Project MUSE. |
| Temas: | |
| Acceso en línea: | Texto completo |
MARC
| LEADER | 00000cam a22000004a 4500 | ||
|---|---|---|---|
| 001 | musev2_5364 | ||
| 003 | MdBmJHUP | ||
| 005 | 20230905040635.0 | ||
| 006 | m o d | ||
| 007 | cr||||||||nn|n | ||
| 008 | 050127s2005 pau o 00 0 eng d | ||
| 010 | |z 2005002324 | ||
| 020 | |a 9780820705170 | ||
| 020 | |z 9780820703701 | ||
| 020 | |z 0820703702 | ||
| 035 | |a (OCoLC)607686995 | ||
| 040 | |a MdBmJHUP |c MdBmJHUP | ||
| 043 | |a e-uk-en | ||
| 050 | 0 | 4 | |a PR545.R4 |b K83 2005 |
| 082 | 0 | |a 821/.3093822 |2 22 | |
| 100 | 1 | |a Kuchar, Gary, |d 1974- | |
| 245 | 1 | 0 | |a Divine Subjection : |b The Rhetoric of sacramental Devotion in Early Modern England / |c Gary Kuchar. |
| 264 | 1 | |a Pittsburgh, Pa. : |b Duquesne University Press, |c 2005. | |
| 264 | 3 | |a Baltimore, Md. : |b Project MUSE, |c 2012 | |
| 264 | 4 | |c ©2005. | |
| 300 | |a 1 online resource (309 pages). | ||
| 336 | |a text |b txt |2 rdacontent | ||
| 337 | |a computer |b c |2 rdamedia | ||
| 338 | |a online resource |b cr |2 rdacarrier | ||
| 490 | 0 | |a Medieval & Renaissance literary studies | |
| 504 | |a Includes bibliographical references (p. 247-292) and index. | ||
| 505 | 0 | |a Southwell's plaint : subjection and the representation of the recusant soul -- The gendering of God and the advent of the subject in Richard Crashaw -- Representation and embodiment in John Donne's Devotions upon emergent occasions -- "Organs of thy praise" : body, word and self in Thomas Traherne -- Conclusion : sacramental rhetoric in the time of the "wan ghost" : excess, subjection and spectrality. | |
| 520 | |a "Combines theoretically engaged analyses with historically contextualized close readings to open new ways of understanding the relations between devotional literature and early modern English culture"--Provided by publisher. | ||
| 588 | |a Description based on print version record. | ||
| 650 | 0 | |a Sacraments in literature. | |
| 650 | 0 | |a Devotional literature, English |x History and criticism. | |
| 650 | 0 | |a English language |y Early modern, 1500-1700 |x Rhetoric. | |
| 650 | 0 | |a Christianity and literature |z England |x History |y 17th century. | |
| 650 | 0 | |a Christian poetry, English |y Early modern, 1500-1700 |x History and criticism. | |
| 655 | 7 | |a Electronic books. |2 local | |
| 710 | 2 | |a Project Muse. |e distributor | |
| 830 | 0 | |a Medieval and Renaissance literary studies. | |
| 830 | 0 | |a Book collections on Project MUSE. | |
| 856 | 4 | 0 | |z Texto completo |u https://projectmuse.uam.elogim.com/book/5364/ |
| 945 | |a Project MUSE - Custom Collection | ||
| 945 | |a Project MUSE - Archive Complete Foundation | ||
| 945 | |a Project MUSE - Archive Literature Foundation | ||


